[Event "Sao Manuel op 1st"]
[Site "Sao Manuel"]
[Date "2023.09.23"]
[Round "3"]
[White "Souza, Alice Maria Vieira"]
[Black "Tsiloufas, Elena Maria"]
[Result "0-1"]
[WhiteElo "1800"]
[BlackElo "1629"]
[PlyCount "48"]
[EventDate "2023.09.23"]
[EventType "swiss"]
[EventRounds "5"]
[EventCountry "BRA"]
[SourceTitle "CBM 216 Extra"]
[Source "ChessBase"]
[SourceDate "2023.11.30"]
[SourceVersion "1"]
[SourceVersionDate "2023.11.30"]
[SourceQuality "1"]

1. e4 e5 2. Bc4 Nc6 3. Qf3 Nf6 4. d3 Bc5 5. Bg5 h6 6. Bh4 d6 7. d4 Nxd4 8. Qg3 Rg8 9. f4 exf4 10. Qxf4 Nxc2+ 11. Ke2 Nxa1 12. Nf3 Bg4 13. h3 Bxf3+ 14. gxf3 Nc2 15. Rd1 Nd4+ 16. Kd3 Ne6 17. Bb5+ c6 18. Bxf6 Qxf6 19. Qd2 Qxf3+ 20. Kc4 Qxe4+ 21. Kb3 Qf3+ 22. Nc3 cxb5 23. Qd5 Qxd5+ 24. Nxd5 Rc8 0-1